Nazionali mai qualificate ai Mondiali - Statistics

Statistiche generali
  • Questo quiz è stato fatto 16 volte
  • Il punteggio medio è 86 su 128
Statistiche sulle risposte
Continente Nazionale % Corretto
Europa Armenia
93%
Africa Eritrea
93%
Africa Repubblica del Congo
93%
Europa San Marino
93%
Asia Afghanistan
87%
Europa Albania
87%
Europa Andorra
87%
Europa Azerbaigian
87%
Europa Bielorussia
87%
Africa Burkina Faso
87%
Africa Burundi
87%
Europa Estonia
87%
Oceania Figi
87%
Europa Finlandia
87%
Europa Georgia
87%
Africa Lesotho
87%
Europa Lettonia
87%
Europa Liechtenstein
87%
Europa Lituania
87%
Africa Madagascar
87%
Asia Malaysia
87%
Europa Moldavia
87%
Africa Niger
87%
Asia Oman
87%
Asia Pakistan
87%
Africa Seychelles
87%
Africa Somalia
87%
America Suriname
87%
Africa Zambia
87%
America Antigua e Barbuda
80%
America Bahamas
80%
America Barbados
80%
Europa Cipro
80%
Africa eSwatini
80%
Asia Filippine
80%
America Guyana
80%
Europa Kosovo
80%
Africa Liberia
80%
Europa Lussemburgo
80%
Asia Mongolia
80%
Europa Montenegro
80%
Asia Nepal
80%
Africa Ruanda
80%
Asia Singapore
80%
Africa Sudan
80%
Africa Sudan del Sud
80%
Asia Tagikistan
80%
Asia Turkmenistan
80%
Africa Uganda
80%
Asia Yemen
80%
Africa Zimbabwe
80%
Africa Benin
73%
Africa Botswana
73%
Asia Cambogia
73%
Africa Etiopia
73%
Africa Gabon
73%
Africa Gibuti
73%
Africa Guinea
73%
Africa Guinea Equatoriale
73%
Asia India
73%
Oceania Isole Salomone
73%
Europa Kazakistan
73%
Asia Kirghizistan
73%
Asia Laos
73%
Asia Libano
73%
Africa Libia
73%
Africa Mali
73%
Europa Malta
73%
Africa Mozambico
73%
Africa Namibia
73%
Oceania Papua Nuova Guinea
73%
America Saint Lucia
73%
Asia Siria
73%
Oceania Tonga
73%
Asia Bangladesh
67%
America Belize
67%
Asia Birmania
67%
Africa Ciad
67%
Africa Comore
67%
America Dominica
67%
Africa Gambia
67%
Europa Gibilterra
67%
America Grenada
67%
Africa Guinea-Bissau
67%
Africa Kenya
67%
Africa Malawi
67%
Asia Maldive
67%
Africa Mauritania
67%
Africa Mauritius
67%
America Nicaragua
67%
Africa Repubblica Centrafricana
67%
America Repubblica Dominicana
67%
America Saint Kitts e Nevis
67%
America Saint Vincent e Grenadine
67%
Oceania Samoa
67%
Africa Sierra Leone
67%
Asia Sri Lanka
67%
Asia Taiwan
67%
Africa Tanzania
67%
Asia Thailandia
67%
Asia Timor Est
67%
Asia Vietnam
67%
Asia Bhutan
60%
Asia Brunei
60%
Europa Macedonia del Nord
60%
Africa São Tomé e Príncipe
60%
Asia Bahrein
53%
America Guatemala
53%
Oceania Vanuatu
53%
America Venezuela
47%
America Aruba
40%
Asia Hong Kong
40%
Asia Palestina
27%
America Porto Rico
27%
Oceania Samoa Americane
27%
America Anguilla
20%
America Bermuda
20%
Asia Guam
20%
Asia Macao
20%
America Montserrat
20%
Oceania Nuova Caledonia
20%
America Isole Vergini Americane
13%
America Isole Vergini Britanniche
13%
America Turks e Caicos
13%
Europa Fær Øer
7%
Oceania Isole Cook
7%
Oceania Tahiti
7%
America Isola Cayman
0%
Nessun quiz corrispondente trovato
Distribuzione punteggi
Percentuale di utenti per punteggio
Percentile per numero di risposta
I tuoi punteggi nel tempo
Non hai fatto questo quiz